Participación de adolescentes en proyectos sociales. (Registro nro. 1005)

Detalles MARC
000 -LEADER
fixed length control field 00764nam a2200205 a 4500
008 - CAMPO DE CONTROL (LIBRO)
fixed length control field 110916s2006 ag d f |||| 001 0 spa d
020 ## - INTERNATIONAL STANDARD BOOK NUMBER
ISBN 950124539X
041 ## - CODIGO DE IDIOMA
Código de idioma del texto/pista de sonido o título separado spa
092 ## - SIGNATURA TOPOGRAFICA DEWEY LOCAL
número de clasificación 361.907
libristica 56
sección NIR
100 1# - ENTRADA PRINCIPAL--NOMBRE PERSONAL
Nombre personal Nirenberg, Olga
9 (RLIN) 1620
245 ## - TITULO PROPIAMENTE DICHO
Título Participación de adolescentes en proyectos sociales.
Subtítulo y Título paralelo Aportes conceptuales y pautas para su evaluación /
Mención de responsabilidad y remanente de la transcripción de la portada Olga Nirenberg
250 ## - MENCION DE EDICION
Mención de edición 1a ed.
260 ## - PIE DE IMPRENTA
Lugar de publicación, distribución, etc Buenos Aires:
Nombre de la editorial, distribuidor, etc Paidós;
Fecha de publicación 2006.
300 ## - DESCRIPCION FISICA
Extension 286 p.
500 ## - NOTA GENERAL
Nota general Nirenberg, O. (2006). Participación de adolescentes en proyectos sociales. Aportes conceptuales y pautas para su evaluación. (1a ed.). Buenos Aires : Paidos.
653 ## - TÉRMINO INDIZADO - PALABRAS CLAVES
Palabra clave Ciencias sociales
653 ## - TÉRMINO INDIZADO - PALABRAS CLAVES
Palabra clave Participación juvenil
653 ## - TÉRMINO INDIZADO - PALABRAS CLAVES
Palabra clave Proyectos sociales
942 ## - ADDED ENTRY ELEMENTS (KOHA)
Source of classification or shelving scheme Dewey Decimal Classification
Item type Libros
Existencias
Estado de retiro Existencia Fuente de clasificación Estado general No para prestamo Ubicación permanente ubicación actual Sala de ubicación Fecha de adquisición Total Checkouts Total Renewals Número de clasificación Código de barras Date last seen Date last borrowed Número de ejemplar Price effective from Koha tipo de elemento (item)
    Dewey Decimal Classification     Biblioteca Medicina Biblioteca Medicina Circulación 16/09/2011 1 6 361.907 56 NIR 1707 06/11/2014 16/09/2011 ej.1 16/09/2011 Libros

UNIVERSIDAD NACIONAL DEL COMAHUE
Biblioteca de la Facultad de Ciencias Médicas
Sede Toschi: Los Arrayanes y Av. Toschi, Cipolletti  - Rio Negro
Sede Los Tordos:  Yrigoyen al 2211, Cipolletti - Rio Negro 

Teléfono: 0299 - 4774707 int 25
Contacto: biblioteca@facimed.uncoma.edu.ar
© 2011 - 2026